[Event "4NCL Division 1d"]
[Site "Puma Hotel, Hinckley Island EN"]
[Date "2013.05.05"]
[Round "10.162"]
[White "Sowray, Peter J"]
[Black "Greet, Andrew N"]
[Result "1-0"]
[WhiteElo "2368"]
[BlackElo "2438"]
[PlyCount "103"]
[EventDate "2013.05.05"]
[WhiteTeam "e2e4.org.uk 1"]
[BlackTeam "Wood Green Hilsmark 2"]

1. d4 Nf6 2. c4 e6 3. Nc3 Bb4 4. e3 O-O 5. Nge2 d5 6. a3 Be7 7. cxd5 Nxd5 8.
Bd2 Nd7 9. g3 Nxc3 10. Bxc3 c5 11. Bg2 cxd4 12. Bxd4 e5 13. Bc3 Nc5 14. O-O Bg4
15. Qc2 Rc8 16. h3 Bh5 17. Bxe5 Bg6 18. Qd1 Qxd1 19. Raxd1 Bd3 20. Bf3 Ba6 21.
Bd6 Bxd6 22. Rxd6 Nd3 23. b4 Ne5 24. Kg2 Rc2 25. Re1 Ra2 26. Nd4 Nxf3 27. Kxf3
Bc4 28. Rc1 b5 29. Ra6 Rc8 30. Rd1 Bd5+ 31. e4 Rc3+ 32. Kf4 Rxf2+ 33. Ke5 Ba2
34. Nxb5 Rc8 35. Nd6 f6+ 36. Kd4 Rd8 37. Ke3 Rg2 38. Kf3 Rc2 39. Rd4 Rc7 40.
Nb5 Rxd4 41. Nxd4 Rc3+ 42. Kf4 Rd3 43. Nf5 g6 44. Ne3 Bb1 45. Nd5 g5+ 46. Kg4
h5+ 47. Kxh5 Rxg3 48. Rxa7 Rxh3+ 49. Kg4 Rb3 50. Nxf6+ Kf8 51. Kxg5 Ba2 52. Kf4
1-0

[Event "4NCL Division 1d"]
[Site "Puma Hotel, Hinckley Island EN"]
[Date "2013.05.05"]
[Round "10.164"]
[White "Bird, Andrew"]
[Black "Arakhamia-Grant, Ketevan E"]
[Result "1-0"]
[WhiteElo "2184"]
[BlackElo "2406"]
[PlyCount "83"]
[EventDate "2013.05.05"]
[WhiteTeam "e2e4.org.uk 1"]
[BlackTeam "Wood Green Hilsmark 2"]

1. Nf3 c5 2. b3 Nc6 3. Bb2 d5 4. e3 Bg4 5. h3 Bh5 6. Bb5 e6 7. g4 Bg6 8. Ne5
Nge7 9. h4 f6 10. Nxg6 hxg6 11. Qf3 Qb6 12. Bxc6+ Qxc6 13. d3 O-O-O 14. Nd2 e5
15. e4 d4 16. a4 Qe6 17. O-O-O Nc6 18. Nc4 Bd6 19. Kb1 Bc7 20. Ba3 b6 21. h5
gxh5 22. gxh5 Rh7 23. Nd2 Rdh8 24. Nf1 Kb8 25. Ng3 Ne7 26. Rdg1 a6 27. Nf5 Nxf5
28. exf5 Qd6 29. Rg6 b5 30. axb5 axb5 31. Rhg1 b4 32. Bc1 Qd7 33. h6 gxh6 34.
Rxf6 Bd8 35. Re6 Qa7 36. Qd5 Bc7 37. Reg6 Rd8 38. Rg8 Rh8 39. Rxh8 Rxh8 40. f6
Qb6 41. f7 Rf8 42. Rg8 1-0